000 00353 a2200109 4500
001 ART_46727
005 20260410161809.0
008 260409a
245 1 0 _aLa prescripción concursal a la luz de la reforma tributaria
100 1 _aDella Picca, Pablo H.
773 0 _tDoctrina Societaria y Concursal
_g- N°368 (jul. 2018)
_wREV4298
999 _c21244
_d21244